000 00893nam a22002297a 4500
003 BD-DhJNU
005 20260419041412.0
008 260419b |||||||| |||| 00| 0 eng d
020 _a9788129522146
040 _aBD-DhJNU
_bENG
_cBD-DhJNU
_dBD-DhJNU
082 _223
_a891.44209 GHH
100 _aঘোষ, অজিতকুমার
242 _aHistory of Bengali Drama/
_cAjitkumar Ghosh
245 _aবাংলা নাটকের ইতিহাস /
_cঅজিতকুমার ঘোষ
246 _aBangla natoker itihas
250 _a6th ed.
260 _aকলকাতা :
_bজেনারেল,
_c2018.
300 _a[৮], ৫৬৬ পৃ. :
_bচিত্র ;
_c২২ সেমি.।
650 _aবাংলা নাটক
_vইতিহাস ও সমালোচনা
650 _aBengali Drama
_vHistory and Criticism
942 _2ddc
_cBK
_n0
999 _c2682
_d2682